000 00869nam a22003017a 4500
003 CHAP
005 20220817042231.0
008 971013s1973 r 00010 d
010 _a38301
011 _a39273
035 _a43393
040 _cCHAP
082 _a631.7
_bF36
110 _aFAO
245 _aIrrigation, drainage and salinity
_b: an international source book
260 _aLondon :
_bHutchinson,
_c1973
300 _a510 p.
_b: ilus.
590 _aBATCH-UPD
_b10
_c20130110
_lUCH01
_h1108
590 _aBATCH-UPD
_b10
_c20130410
_lUCH01
_h0700
590 _aBATCH-UPD
_b10
_c20130914
_lUCH01
_h1221
590 _aCONVERSION
_b10
_c20130109
_lUCH01
_h1321
650 1 4 _aDrenaje.
_934190
650 1 4 _aIrrigación.
_960366
650 1 4 _aSalinidad.
_9101733
901 _aBK
942 _cLIBRO
949 _a631.7 F36
_bBC
_cFAO
_d-99440
_eFAO1
_h29726
_i43393
_si
999 _c38301
_d38301